[Event "Tilburg"]
[Site "Tilburg"]
[Date "1984.??.??"]
[Round "?"]
[White "Andersson, Ulf"]
[Black "Beliavsky, Alexander G"]
[Result "1/2-1/2"]
[WhiteElo "2595"]
[BlackElo "2600"]

1.Nf3 Nf6 2.c4 e6 3.g3 b6 4.Bg2 Bb7 5.O-O Be7 6.d4 O-O 7.Nc3 Ne4 8.Qc2 Nxc3
9.Qxc3 c5 10.b3 Bf6 11.Bb2 d6 12.Rad1 Nd7 13.Qd2 Qe7 14.dxc5 Bxb2 15.c6 Bxc6
16.Qxb2 Nf6 17.Rd2 Rfc8 18.Rfd1 Ne8 19.Ne1 Bxg2 20.Nxg2 Rab8 21.e4 b5 22.cxb5 Rxb5
23.Ne3 h5 24.Rd4 h4 25.Qe2 Rbc5 26.Qg4 hxg3 27.hxg3 Rc1 28.Qe2 Rxd1+ 29.Qxd1 Nf6
30.Qd3 Qb7 31.Kg2 Rc5 32.b4 Rb5 33.a3 d5 34.exd5 Nxd5 35.Kg1 Qc6 36.Rc4 Qd7
37.Rf4 f5 38.Rd4 a5 39.Nxd5 exd5 40.Rf4 axb4 41.axb4 Qe8 42.Kg2 Qd7 43.Kh2 Rb6
44.Kg1 Qe6 45.Kg2 Qd7 46.Rd4 Qb7 47.Qb3 Kh7 48.Kg1 Qd7 49.Qd3 Rd6 50.b5 Kg8
51.Kg2 Qe6 52.Qa3 Rd8 53.Qc5 Rd6 54.Rf4 Rb6 55.Ra4 Kh7 56.Rd4 Rd6 57.Rh4+ Kg6
58.Kf1 Qf6 59.Rd4 Qe6 60.Ra4 Kh7 61.Rb4 Rb6 62.Rd4 Rd6 63.Kg2 Kg8 64.Qa3 Qe5
65.Qd3 Qe6 66.Ra4 Rd8 67.Rb4 Rb8 68.Rd4 Rd8 69.Rf4 Rf8 70.Qb3 Rf7 71.Rd4 Rd7
72.b6 Qc6 73.Kg1 Qc1+ 74.Rd1 Qc6 75.Rb1 Rb7 76.Qb4 f4 77.Qd4 fxg3 78.fxg3 Qe6
79.Rb2 Qc6 80.Qe3 Re7 81.Qd4 Rb7 82.Kh2 Qh6+ 83.Kg2 Qc6 84.Kg1 Qc1+ 85.Kh2 Qh6+
86.Kg2 Qc6  1/2-1/2

[Event "Tilburg"]
[Site "Tilburg"]
[Date "1984.??.??"]
[Round "?"]
[White "Andersson, Ulf"]
[Black "Portisch, Lajos"]
[Result "1/2-1/2"]
[WhiteElo "2595"]
[BlackElo "2640"]

1.Nf3 c5 2.c4 Nf6 3.g3 d5 4.cxd5 Nxd5 5.Bg2 Nc6 6.d4 Nf6 7.e3 e6 8.O-O Be7
9.dxc5 Bxc5 10.Qxd8+ Kxd8 11.Bd2 Bd7 12.Nc3 Ke7 13.Rac1 Bb6 14.Rfd1 Rhd8
15.Na4 Ne4 16.Nxb6 axb6 17.a3 Nxd2 18.Nxd2 Be8 19.Nb1 Rxd1+ 20.Rxd1 Rc8 21.Nc3 Na5
22.Bf1 Nc4 23.Bxc4 Rxc4 24.Rd4 Rc5 25.f3 Bc6 26.Kf2 b5 27.e4 Rh5 28.h4 h6
29.Rd1 Rc5 30.Ke3 f5 31.exf5 Rxf5 32.Ne4 Rf8 33.Rd4 Ra8 34.Nc3 e5 35.Rg4 Kf7
36.Rb4 Rf8 37.Nxb5 Kg6 38.f4 exf4+ 39.gxf4 Kh5 40.Nd4 Kxh4  1/2-1/2

[Event "Tilburg"]
[Site "Tilburg"]
[Date "1984.??.??"]
[Round "?"]
[White "Andersson, Ulf"]
[Black "Ribli, Zoltan"]
[Result "1/2-1/2"]
[WhiteElo "2595"]
[BlackElo "2600"]

1.d4 Nf6 2.Nf3 e6 3.c4 d5 4.Bg5 dxc4 5.Qa4+ Nbd7 6.e3 c5 7.Bxc4 cxd4 8.exd4 Be7
9.Nc3 O-O 10.Qc2 h6 11.Bh4 b6 12.O-O Bb7 13.Qd3 Nh5 14.Bg3 Nxg3 15.hxg3 Bb4
16.Ne2 Nf6 17.Rac1 Bd6 18.Ba6 Qd7 19.Bxb7 Qxb7 20.Rc2 Rac8 21.Rfc1 Rfd8 22.Rxc8 Rxc8
23.Rxc8+ Qxc8 24.Nc3 a6 25.a4 Nd5 26.Nxd5 exd5 27.b3 Qb7 28.Nd2 Be7 29.Nf1 Bg5
30.Ne3 Bxe3 31.Qxe3 Qc6  1/2-1/2

[Event "Tilburg"]
[Site "Tilburg"]
[Date "1984.??.??"]
[Round "?"]
[White "Beliavsky, Alexander G"]
[Black "Huebner, Robert"]
[Result "1/2-1/2"]
[WhiteElo "2600"]
[BlackElo "2610"]

1.d4 d5 2.c4 dxc4 3.e4 e5 4.Nf3 exd4 5.Bxc4 Bb4+ 6.Nbd2 Nc6 7.O-O Bxd2 8.Qxd2 Be6
9.Bxe6 fxe6 10.b4 a6 11.a4 Nf6 12.Ba3 Nxe4 13.Qd3 Qd5 14.b5 axb5 15.axb5 Nd8
16.Rfe1 Nd6 17.Rac1 Qxb5 18.Qxd4 Rxa3 19.Qxg7 Rxf3 20.Qxh8+ Rf8 21.Qxh7 Rf7
22.Qc2 Qf5 23.Qa2 Kd7 24.Rc3 Rg7 25.Qb2 Rg4 26.h3 Rg8 27.Rd1 Qe4 28.g3 Qa4
29.Rd4 Qxd4 30.Rxc7+ Kxc7 31.Qxd4 b5 32.h4 Nc6 33.Qf6 b4 34.h5 b3 35.h6 Rb8
36.Qg7+ Kb6 37.Qc3 Kc7 38.Qg7+ Kb6 39.Qc3 Kc7  1/2-1/2

[Event "Tilburg"]
[Site "Tilburg"]
[Date "1984.??.??"]
[Round "?"]
[White "Beliavsky, Alexander G"]
[Black "Miles, Anthony J"]
[Result "1/2-1/2"]
[WhiteElo "2600"]
[BlackElo "2565"]

1.d4 Nf6 2.c4 e6 3.Nf3 b6 4.Nc3 Bb7 5.a3 d5 6.cxd5 Nxd5 7.e3 Nf6 8.Qa4+ Nbd7
9.Ba6 Bxa6 10.Qxa6 c5 11.O-O Qc8 12.Qe2 cxd4 13.exd4 Qb7 14.d5 Nxd5 15.Nxd5 Qxd5
16.Rd1 Qb7 17.Bf4 Be7 18.Rac1 Rc8 19.Rxc8+ Qxc8 20.Rc1 Qa8 21.Qd1 e5 22.Nxe5 Nxe5
23.Bxe5 O-O 24.Qg4 g6 25.Rc7 Re8 26.Bc3 Bd6 27.Rd7 Qc6 28.g3 h5 29.Qd4 Be5
30.Qd2 Bxc3 31.bxc3 Qe4 32.h4 Re7 33.Rxe7 Qxe7 34.a4 Qc5 35.Qd7 a6 36.Qd3 Qc8
37.Qd4 Qc6 38.Kf1 Qe6  1/2-1/2

[Event "Tilburg"]
[Site "Tilburg"]
[Date "1984.??.??"]
[Round "?"]
[White "Huebner, Robert"]
[Black "Ljubojevic, Ljubomir"]
[Result "1/2-1/2"]
[WhiteElo "2610"]
[BlackElo "2615"]

1.c4 e5 2.Nc3 Nf6 3.Nf3 Nc6 4.g3 d5 5.cxd5 Nxd5 6.Bg2 Nb6 7.O-O Be7 8.a3 O-O
9.b4 Be6 10.Rb1 f6 11.d3  1/2-1/2

[Event "Tilburg"]
[Site "Tilburg"]
[Date "1984.??.??"]
[Round "?"]
[White "Ljubojevic, Ljubomir"]
[Black "Beliavsky, Alexander G"]
[Result "0-1"]
[WhiteElo "2615"]
[BlackElo "2600"]

1.e4 e6 2.d4 d5 3.Nc3 Bb4 4.e5 c5 5.a3 Bxc3+ 6.bxc3 Ne7 7.Qg4 O-O 8.Nf3 Nbc6
9.Bd3 f5 10.exf6 Rxf6 11.Bg5 Rf7 12.Bxe7 Rxe7 13.Qh4 g6 14.O-O c4 15.Be2 Qf8
16.Rfe1 Bd7 17.Bf1 Rae8 18.Qg5 Rf7 19.Qd2 Qd6 20.Ne5 Nxe5 21.Rxe5 Ref8 22.Re2 Qf4
23.Qe1 g5 24.g3 Qf5 25.Bg2 g4 26.Qd2 Qh5 27.Re5 Rf5 28.Rae1 Rxe5 29.Rxe5 Rf5
30.Re2 Kf7 31.Qc1 Ke7 32.Qb1 Bc6 33.Qe1 Qg6 34.h3 h5 35.hxg4 hxg4 36.Re3 Kd6
37.Kf1 b6 38.Kg1 Bd7 39.Qe2 Kc7 40.Qd1 Rf6 41.Re2 Kb7 42.Qc1 Ka6 43.Qb2 Qh6
44.Qb1 Qf8 45.Qc1 Rf5 46.Qb2 Qf6 47.Qb1 Be8 48.Qe1 Bf7 49.Qb1 Qe7 50.Qb2 Qd6
51.Re1 Rh5 52.Re2 Bg6 53.Re1 Rh8 54.Re5 Qd7 55.Kf1 Bf5 56.Re1 Qh7 57.Re2 Qh6
58.Re3 Rh7 59.Re5 Rf7 60.Re2 Be4 61.Bxe4 dxe4 62.Ke1 Qh1+ 63.Kd2 e3+  0-1

[Event "Tilburg"]
[Site "Tilburg"]
[Date "1984.??.??"]
[Round "?"]
[White "Ljubojevic, Ljubomir"]
[Black "Sosonko, Gennadi"]
[Result "1-0"]
[WhiteElo "2615"]
[BlackElo "2565"]

1.e4 c5 2.Nf3 Nc6 3.d4 cxd4 4.Nxd4 Nf6 5.Nc3 d6 6.Be2 g6 7.O-O Bg7 8.Nb3 O-O
9.Bg5 a6 10.f4 b5 11.Bf3 b4 12.Nd5 Nxd5 13.exd5 Na5 14.Qe2 Nxb3 15.cxb3 Qb6+
16.Kh1 Re8 17.Rfe1 h6 18.Bh4 Qd4 19.Rac1 Qxf4 20.Bxe7 Bf5 21.Rc4 Qe5 22.Qd1 Qxb2
23.Re2 Qb1 24.Rc1 Qd3 25.Bxd6 Bc3 26.Be7 Ra7 27.d6 Qb5 28.Qg1 Qb8 29.Rd1 Bg7
30.Qc5 Rc8 31.Qe3 Rc3 32.Qf4 Qb5 33.Rd5 Qd7 34.h4 a5 35.h5 Kh7 36.Be4 Bxe4
37.Rxe4 Qe8 38.Re1 Kg8 39.hxg6 fxg6 40.Qg4 Rd7 41.Qe6+ Kh7 42.Rxa5 Rc2 43.Rf1 Rd2
44.Rf7 R2xd6 45.Rxg7+ Kxg7 46.Qe5+ Kf7 47.Bxd6 Rxd6 48.Ra7+ Rd7 49.Qd5+ Ke7
50.Qe4+ Kf7 51.Qc4+ Kf6 52.Qf4+  1-0

[Event "Tilburg"]
[Site "Tilburg"]
[Date "1984.??.??"]
[Round "?"]
[White "Miles, Anthony J"]
[Black "Timman, Jan H"]
[Result "1-0"]
[WhiteElo "2565"]
[BlackElo "2650"]

1.c4 e5 2.Nc3 Nf6 3.Nf3 Nc6 4.g3 d5 5.cxd5 Nxd5 6.Bg2 Nb6 7.O-O Be7 8.a3 Be6
9.d3 O-O 10.b4 f6 11.Ne4 Qd7 12.Bb2 a6 13.Qc2 Bh3 14.Nc5 Bxc5 15.Bxh3 Qxh3
16.Qb3+ Kh8 17.bxc5 Nd7 18.d4 Rab8 19.dxe5 Ndxe5 20.Nxe5 fxe5 21.Rad1 Rf6
22.f4 Rxf4 23.Rxf4 exf4 24.Qf7 Rg8 25.Rf1 Qg4 26.Rxf4 Qg5 27.Kg2 Qxc5 28.Re4 Qf8
29.Qh5 Ne7 30.Qg5 Ng6 31.Qxg6  1-0

[Event "Tilburg"]
[Site "Tilburg"]
[Date "1984.??.??"]
[Round "?"]
[White "Portisch, Lajos"]
[Black "Miles, Anthony J"]
[Result "0-1"]
[WhiteElo "2640"]
[BlackElo "2565"]

1.d4 Nf6 2.c4 e6 3.Nf3 b6 4.Nc3 Bb7 5.a3 d5 6.cxd5 Nxd5 7.e3 Nd7 8.Bd3 c5
9.e4 N5f6 10.Bf4 a6 11.d5 exd5 12.exd5 Nxd5 13.Nxd5 Bxd5 14.Bxh7 Qe7+ 15.Kf1 Bc4+
16.Kg1 O-O-O 17.Qa4 Nb8 18.Qxc4 Rxh7 19.h3 b5 20.Qc2 Rh5 21.a4 Qb7 22.axb5 axb5
23.Kh2 Bd6 24.Bxd6 Rxd6 25.Rhe1 Nc6 26.Re8+ Kc7 27.Qe4 Kb6 28.Raa8 b4 29.Rec8 Rhd5
30.Qe8 Qd7 31.Qe2 Qb7 32.Rg8 Nd8 33.Ra1 f6 34.Re8 Rd7 35.g3 Rd3 36.Re3 Rxe3
37.Qxe3 Qd5 38.Kg1 Nc6 39.Qe2 Qd3 40.Qe6 Rd6 41.Qg4 Qe2 42.Re1 Rd1 43.Rxd1 Qxd1+
44.Kg2 Qc2 45.Qxg7 Qxb2 46.g4 Qc3 47.g5 fxg5 48.Qxc3 bxc3 49.Ne1 Nb4 50.f4 gxf4
51.h4 c2 52.Nxc2 Nxc2 53.h5 Nd4 54.h6 Nf5 55.h7 Nh4+  0-1

[Event "Tilburg"]
[Site "Tilburg"]
[Date "1984.??.??"]
[Round "?"]
[White "Andersson, Ulf"]
[Black "Miles, Anthony J"]
[Result "1/2-1/2"]
[WhiteElo "2595"]
[BlackElo "2565"]

1.Nf3 b5 2.d4 Bb7 3.e3 a6 4.c4 bxc4 5.Bxc4 e6 6.Nc3 Nf6 7.O-O d5 8.Be2 c5
9.b3 cxd4 10.exd4 Nbd7 11.a3 Bd6 12.b4 Ne4 13.Na4 Bc6 14.Bb2 O-O 15.Nc5 Qb6
16.Rb1 a5 17.Ba1 axb4 18.axb4 Bb5 19.Qc2 Ndf6 20.Bxb5 Qxb5 21.Ne5 Be7 22.Rfc1 Nd6
23.Bc3 Ra7 24.Ra1 Rfa8 25.Ra5 Qe8  1/2-1/2

[Event "Tilburg"]
[Site "Tilburg"]
[Date "1984.??.??"]
[Round "?"]
[White "Portisch, Lajos"]
[Black "Ribli, Zoltan"]
[Result "1/2-1/2"]
[WhiteElo "2640"]
[BlackElo "2600"]

1.d4 Nf6 2.c4 e6 3.Nf3 d5 4.Bg5 dxc4 5.Qa4+ Nbd7 6.Nbd2 Be7 7.Qxc4 O-O 8.e3 b6
9.Be2 Bb7 10.O-O c5  1/2-1/2

[Event "Tilburg"]
[Site "Tilburg"]
[Date "1984.??.??"]
[Round "?"]
[White "Portisch, Lajos"]
[Black "Sosonko, Gennadi"]
[Result "1-0"]
[WhiteElo "2640"]
[BlackElo "2565"]

1.d4 Nf6 2.c4 e6 3.Nf3 b6 4.g3 Ba6 5.b3 Bb4+ 6.Bd2 Be7 7.Nc3 d5 8.cxd5 exd5
9.Bg2 O-O 10.O-O Nbd7 11.Ne5 Bb7 12.Bf4 Re8 13.Rc1 Nf8 14.Bg5 Ne6 15.Bxf6 Bxf6
16.e3 c5 17.Re1 Nc7 18.f4 Be7 19.Ne2 Bf8 20.Qd2 Ne6 21.dxc5 Nxc5 22.Nd4 f6
23.Ndc6 fxe5 24.Nxd8 Raxd8 25.fxe5 Rxe5 26.Qd4 Rde8 27.b4 Ne4 28.Rc7  1-0

[Event "Tilburg"]
[Site "Tilburg"]
[Date "1984.??.??"]
[Round "?"]
[White "Portisch, Lajos"]
[Black "Timman, Jan H"]
[Result "1/2-1/2"]
[WhiteElo "2640"]
[BlackElo "2650"]

1.d4 Nf6 2.c4 e6 3.Nf3 b6 4.g3 Ba6 5.b3 Bb4+ 6.Bd2 Be7 7.Nc3 c6 8.e4 d5 9.e5 Ne4
10.Bd3 Nxc3 11.Bxc3 Bb7 12.Qe2 c5 13.O-O Nd7 14.cxd5 Bxd5 15.Be4 Bxe4 16.Qxe4 cxd4
17.Bxd4 O-O 18.Rac1 Rc8 19.Be3 Nc5 20.Bxc5 Rxc5 21.Rxc5 Bxc5 22.Re1 a5 23.Re2  1/2-1/2

[Event "Tilburg"]
[Site "Tilburg"]
[Date "1984.??.??"]
[Round "?"]
[White "Ribli, Zoltan"]
[Black "Ljubojevic, Ljubomir"]
[Result "1/2-1/2"]
[WhiteElo "2600"]
[BlackElo "2615"]

1.d4 Nf6 2.Nf3 e6 3.c4 c5 4.d5 exd5 5.cxd5 d6 6.Nc3 g6 7.Bf4 Bg7 8.Qa4+ Bd7
9.Qb3 Qc7 10.e4 O-O 11.Be2 Nh5 12.Be3 a6 13.Nd2 b5 14.O-O Ra7 15.Rac1 Rb7
16.Rfe1 Nf6 17.h3 Re8 18.Qc2 b4  1/2-1/2

[Event "Tilburg"]
[Site "Tilburg"]
[Date "1984.??.??"]
[Round "?"]
[White "Ribli, Zoltan"]
[Black "Sosonko, Gennadi"]
[Result "1-0"]
[WhiteElo "2600"]
[BlackElo "2565"]

1.d4 Nf6 2.c4 e6 3.Nf3 b6 4.Nc3 Bb7 5.g3 d5 6.cxd5 Nxd5 7.Bg2 Nd7 8.O-O Be7
9.Nxd5 exd5 10.Qc2 O-O 11.Rd1 Bd6 12.Bg5 Qe8 13.Rac1 c6 14.Nh4 Be7 15.Bxe7 Qxe7
16.e4 dxe4 17.Nf5 Qf6 18.Qxe4 Rae8 19.Qf4 Re2 20.Re1 Rfe8 21.Rxe2 Rxe2 22.b4 g5
23.Qg4 Rxa2 24.h4 h5 25.Qxg5+ Qxg5 26.hxg5 Rb2 27.b5 Rxb5 28.Nd6 Rxg5 29.Nxb7  1-0

[Event "Tilburg"]
[Site "Tilburg"]
[Date "1984.??.??"]
[Round "?"]
[White "Ribli, Zoltan"]
[Black "Tukmakov, Vladimir B"]
[Result "0-1"]
[WhiteElo "2600"]
[BlackElo "2550"]

1.d4 Nf6 2.Nf3 e6 3.c4 b6 4.g3 Ba6 5.b3 Bb4+ 6.Bd2 Be7 7.Nc3 Bb7 8.Bg2 O-O
9.O-O Na6 10.Ne5 d5 11.Bc1 c5 12.Bb2 Re8 13.Rc1 Qb8 14.cxd5 exd5 15.e3 Qd6
16.Nb5 Qd8 17.h4 Bf8 18.dxc5 bxc5 19.Ng4 Nxg4 20.Qxg4 Qb6 21.Nc3 Qe6 22.Qf4 Nb4
23.Rfd1 Rab8 24.Na4 Nxa2 25.Rxc5 d4 26.Rb5 Bxg2 27.Rxb8 Qh3 28.f3 dxe3 29.Qxe3 Rxe3
30.Rdd8  0-1

[Event "Tilburg"]
[Site "Tilburg"]
[Date "1984.??.??"]
[Round "?"]
[White "Smyslov, Vassily"]
[Black "Andersson, Ulf"]
[Result "1/2-1/2"]
[WhiteElo "2610"]
[BlackElo "2595"]

1.d4 Nf6 2.c4 e6 3.Nc3 d5 4.Bg5 Be7 5.e3 Nbd7 6.Rc1 c6 7.Nf3 Ne4 8.Bxe7 Qxe7
9.Qc2 Nxc3 10.Qxc3 O-O 11.Be2 dxc4 12.Qxc4 e5 13.O-O exd4 14.Nxd4 Rd8 15.Rfd1 Nf8
16.a3 g6 17.b4 Bd7 18.Rd2 Rac8 19.Rcd1 Ne6 20.h3  1/2-1/2

[Event "Tilburg"]
[Site "Tilburg"]
[Date "1984.??.??"]
[Round "?"]
[White "Smyslov, Vassily"]
[Black "Ljubojevic, Ljubomir"]
[Result "1/2-1/2"]
[WhiteElo "2610"]
[BlackElo "2615"]

1.d4 Nf6 2.Nf3 e6 3.c4 b6 4.Nc3 Bb7 5.e3 d5 6.Bd3 Bd6 7.Qc2 O-O 8.cxd5 exd5
9.Nb5 Na6 10.a3 Be7 11.b4 c6 12.Nc3 Nc7 13.O-O a5 14.Rb1 axb4 15.axb4 Ne6
16.Bd2 Qc7 17.Rfc1 Rfc8 18.Qb2 Qd8 19.Ne5 Nd7 20.f4 Nxe5 21.fxe5 g6 22.Ne2 Ra7
23.Ra1 Rca8 24.Nf4 Qd7 25.Rxa7 Rxa7 26.Ra1 Rxa1+ 27.Qxa1 Bc8 28.Qa8 Qb7 29.Qa2 Nxf4
30.exf4 c5 31.bxc5  1/2-1/2

[Event "Tilburg"]
[Site "Tilburg"]
[Date "1984.??.??"]
[Round "?"]
[White "Sosonko, Gennadi"]
[Black "Beliavsky, Alexander G"]
[Result "0-1"]
[WhiteElo "2565"]
[BlackElo "2600"]

1.d4 f5 2.Nf3 Nf6 3.g3 g6 4.Bg2 Bg7 5.O-O O-O 6.b3 d6 7.Bb2 Qe8 8.Nbd2 Nc6
9.Nc4 Be6 10.Ng5 Bxc4 11.bxc4 Nd8 12.Qd3 h6 13.Nf3 e6 14.c5 dxc5 15.dxc5 Nc6
16.Rab1 Rd8 17.Qb3 b6 18.Rfd1 Rxd1+ 19.Rxd1 Ne4 20.Bxg7 Kxg7 21.cxb6 axb6
22.Qb2+ e5 23.Ne1 Nd4 24.e3 Ne2+ 25.Kf1 N2c3 26.Rd3 Na4 27.Qb4 Nac5 28.Ra3 Nd6
29.Ra8 Qf7 30.Ra7 e4 31.Kg1 Rd8 32.Bf1 Rd7 33.c3 Qf6 34.Nc2 Nf7 35.Nd4 Ne5
36.Qb5 g5 37.Kh1 f4 38.exf4 gxf4 39.gxf4 Ng4  0-1

[Event "Tilburg"]
[Site "Tilburg"]
[Date "1984.??.??"]
[Round "?"]
[White "Sosonko, Gennadi"]
[Black "Van der Wiel, John TH"]
[Result "1-0"]
[WhiteElo "2565"]
[BlackElo "2535"]

1.d4 Nf6 2.c4 g6 3.Nc3 Bg7 4.e4 d6 5.Be2 O-O 6.Nf3 e5 7.O-O Nc6 8.d5 Ne7
9.Ne1 Nd7 10.Nd3 f5 11.Bd2 Nf6 12.f3 Kh8 13.a4 c6 14.a5 h6 15.Nf2 g5 16.Re1 Rf7
17.exf5 cxd5 18.g4 d4 19.Nce4 d5 20.Nxf6 Bxf6 21.Qb3 b5 22.axb6 Rb8 23.Rxa7 Qxb6
24.Qxb6 Rxb6 25.cxd5 Bb7 26.b4 Bxd5 27.Rc1 Kg7 28.b5 Rb7 29.Rxb7 Bxb7 30.Ne4 Nd5
31.Nd6 Rd7 32.Nxb7 Rxb7 33.Rc5 Nc3 34.Bf1 e4 35.fxe4 Nxe4 36.Rc2 Nxd2 37.Rxd2 Rc7
38.Kg2 Rc3 39.Bd3 Be5 40.h3 Kf6 41.Kf3 Bf4 42.Rd1 Ke5 43.Ke2 Rb3 44.Re1 Rb2+
45.Kf3+ Be3 46.Rb1 Rf2+ 47.Kg3 Rd2 48.Rb3 Bf4+ 49.Kf3 Rh2 50.b6 Rxh3+ 51.Kf2 Kf6
52.b7 Kg7 53.Ke2 Re3+ 54.Kd1 Rh3 55.Ra3 h5 56.gxh5 g4 57.Kc2 Rxh5 58.Ra7 Bb8
59.Ra8 Rh8 60.Be4 g3 61.Kd3 Rd8 62.Ra5 Rd6 63.Re5 Rb6 64.Re8 Bf4 65.Kxd4 Kf7
66.Ra8 Rb4+ 67.Kd3 Rb2 68.Ra6 g2 69.Bd5+ Ke7 70.Rg6 Rd2+ 71.Kc4 Rc2+ 72.Kb3 Rf2
73.Bxg2 Bb8 74.Be4 Re2 75.Bd5 Rf2 76.Re6+  1-0

[Event "Tilburg"]
[Site "Tilburg"]
[Date "1984.??.??"]
[Round "?"]
[White "Timman, Jan H"]
[Black "Beliavsky, Alexander G"]
[Result "1/2-1/2"]
[WhiteElo "2650"]
[BlackElo "2600"]

1.Nf3 d5 2.d4 Nf6 3.c4 e6 4.Nc3 Be7 5.Bg5 h6 6.Bxf6 Bxf6 7.e3 O-O 8.Qc2 c5
9.dxc5 Nc6 10.Be2 Qa5 11.O-O Qxc5 12.Rfd1 b6 13.Rac1 Bxc3 14.Qxc3 Ba6 15.a3 dxc4
16.Bxc4 Qxc4 17.Qxc4 Bxc4 18.Rxc4 Rfd8 19.Rdc1 Ne7 20.g3 Kf8 21.Rc7 Rdc8
22.R1c3 Ke8 23.a4 a6 24.Rb7 Rxc3 25.bxc3 Nc8 26.Rc7 Ne7 27.Rb7 Nc8 28.Rc7  1/2-1/2

[Event "Tilburg"]
[Site "Tilburg"]
[Date "1984.??.??"]
[Round "?"]
[White "Timman, Jan H"]
[Black "Smyslov, Vassily"]
[Result "1/2-1/2"]
[WhiteElo "2650"]
[BlackElo "2610"]

1.e4 e5 2.Nf3 Nc6 3.Bb5 a6 4.Ba4 Nf6 5.O-O Be7 6.Re1 d6 7.Bxc6+ bxc6 8.d4 Nd7
9.dxe5 Nxe5 10.Nxe5 dxe5 11.Qxd8+ Bxd8 12.Nc3 Be7 13.Na4 Be6 14.Be3 O-O-O
15.Bc5 Bg5 16.Be3 Be7 17.b3 f5 18.Bc5 Bg5 19.Bb4 fxe4 20.Nc5 Bf5 21.Nxe4 Bf4
22.f3 h5 23.Re2 Rd5 24.c4 Rd3 25.Nc5 Be3+ 26.Rxe3 Rxe3 27.Kf2 Rd3 28.Nxd3 Bxd3
29.Bc3 Re8 30.Re1 e4 31.Bxg7 Rg8 32.Bf6 Rf8 33.Bg5 exf3 34.gxf3 a5 35.a4 Bc2
36.Re3 Kd7 37.Re7+ Kc8 38.Re3 Kd7 39.Rc3 Bg6 40.Bd2 Re8 41.f4 Rb8 42.Ke2 Bf5
43.Kd1 h4 44.Be1 Rf8 45.Bxh4 Bg4+ 46.Kd2 Rxf4 47.Re3 Rf1 48.Re7+ Kd6 49.Rg7 Bd1
50.Rg3 c5 51.Re3 Rf3 52.Bg3+ Kd7 53.Re5 Bxb3 54.Rxc5 c6 55.Rxa5 Bxc4 56.Be1 Rd3+
57.Kc2 Re3 58.Bg3 Ra3 59.Ra7+ Ke6 60.a5 c5 61.Be1 Ra2+ 62.Kc3 Kd5 63.Rd7+ Kc6
64.Rh7 Kb5 65.Rb7+ Ka6 66.Rh7 Kb5 67.Rb7+ Ka6 68.Rb8 Bd5 69.Rd8 Bc6 70.h4 Rxa5
71.h5 Ra1 72.Bd2 Rh1 73.h6 Be4 74.Kc4 Kb6 75.Rd6+ Kc7 76.Re6 Bb1 77.Kxc5 Rh5+
78.Kd4 Rh4+ 79.Ke3 Kd7 80.Rb6 Bc2 81.Kf3 Ke8 82.Rf6 Rh1 83.Rc6 Bb1 84.Rc7 Rf1+
85.Kg4 Rf7 86.Rc8+ Kd7 87.Rb8 Be4 88.Bf4 Ke6 89.Rb6+ Kd5 90.Rd6+ Kc5 91.Rd8 Kc6
92.Be5 Rd7 93.Rf8 Kd5 94.Bg7 Ke6 95.Rf6+ Ke7 96.Kf4 Bb1 97.Ke5 Rd1 98.Bf8+ Ke8
99.Bb4 Rh1 100.Kd6 Rd1+ 101.Kc6 Be4+ 102.Kb6 Bb1 103.Rf8+ Kd7 104.h7 Bxh7
105.Rf7+ Ke6 106.Rxh7 Rd7 107.Rh1 Kd5 108.Rh5+ Kc4 109.Kc6 Rd4 110.Bd6 Rg4
111.Ra5 Re4 112.Ra1 Kd3 113.Bc5 Re5 114.Ra4 Rf5 115.Kd6 Rg5 116.Rd4+ Ke2
117.Rf4 Kd3 118.Kc6 Rh5 119.Kb5 Re5 120.Rh4 Rf5 121.Rg4 Re5 122.Rf4 Rd5  1/2-1/2

[Event "Tilburg"]
[Site "Tilburg"]
[Date "1984.??.??"]
[Round "?"]
[White "Timman, Jan H"]
[Black "Sosonko, Gennadi"]
[Result "1/2-1/2"]
[WhiteElo "2650"]
[BlackElo "2565"]

1.d4 Nf6 2.c4 e6 3.Nf3 d5 4.Nc3 Bb4 5.cxd5 exd5 6.Bg5 h6 7.Bh4 g5 8.Bg3 Ne4
9.Nd2 Nxg3 10.hxg3 c5 11.a3 Bxc3 12.bxc3 Nc6 13.e3 Bf5 14.Bb5 Qa5 15.Qf3 Qxc3
16.O-O Bg6 17.Qxd5 O-O 18.Nf3 cxd4 19.Rfc1 Qb2 20.Bxc6 bxc6 21.Qxd4 Rfb8
22.Rxc6 Qxd4 23.Nxd4 Rb2 24.Rac1 Kg7 25.Rc8 Rxc8 26.Rxc8 Ra2 27.Rc3 g4 28.f3 Ra1+
29.Kf2 Ra2+ 30.Kg1 Ra1+ 31.Kf2 Ra2+ 32.Ne2 Bc2 33.Ke1 a5 34.Nc1 Rb2 35.Rc4 Bf5
36.fxg4 Be6 37.Ra4 Rxg2 38.Ne2 Bd7 39.Rd4 Bb5 40.Nf4 Ra2 41.Rd5 Rb2 42.a4 Bxa4
43.Rxa5 Bd7 44.g5 hxg5 45.Rxg5+ Kf6  1/2-1/2

[Event "Tilburg"]
[Site "Tilburg"]
[Date "1984.??.??"]
[Round "?"]
[White "Tukmakov, Vladimir B"]
[Black "Andersson, Ulf"]
[Result "1/2-1/2"]
[WhiteElo "2550"]
[BlackElo "2595"]

1.d4 Nf6 2.c4 e6 3.Nf3 Bb4+ 4.Bd2 Bxd2+ 5.Qxd2 O-O 6.Nc3 d5 7.e3 Qe7 8.a3 Nbd7
9.cxd5 exd5 10.Be2 c6 11.b4 Ne4 12.Qb2 Ndf6 13.Ne5 Nxc3 14.Qxc3 Ne4 15.Qb2 Bf5
16.O-O Rac8 17.Rac1 Rfe8 18.Nd3 Nd6 19.Nc5 g6 20.Qb3 h5  1/2-1/2

[Event "Tilburg"]
[Site "Tilburg"]
[Date "1984.??.??"]
[Round "?"]
[White "Tukmakov, Vladimir B"]
[Black "Ljubojevic, Ljubomir"]
[Result "1/2-1/2"]
[WhiteElo "2550"]
[BlackElo "2615"]

1.d4 d5 2.c4 c6 3.Nf3 Nf6 4.Nc3 dxc4 5.a4 Bf5 6.e3 e6 7.Bxc4 Bb4 8.O-O O-O
9.Nh4 Bg4 10.f3 Bh5 11.g4 Bg6 12.Nxg6 hxg6 13.e4 c5 14.Na2 Qa5 15.Nxb4 Qxb4
16.b3 Rd8 17.Ba3 Qc3 18.Bxc5 Nc6 19.Qe1 Qxe1 20.Raxe1 b6 21.Ba3 Nxd4 22.Bb2 Ne8
23.Kf2 Nd6 24.Bxd4 Nxc4 25.Rd1 Na5 26.b4 Nc4 27.Bc3 f6 28.Ke2 Kf7 29.Rxd8 Rxd8
30.Rd1 Rxd1 31.Kxd1 a6 32.Ke2 e5 33.Kd3 b5 34.axb5 axb5 35.Be1 Ke6 36.Bf2 Nd6
37.Bc5 Nf7 38.h4 Nd8 39.Bb6 Nc6 40.Bc5  1/2-1/2

[Event "Tilburg"]
[Site "Tilburg"]
[Date "1984.??.??"]
[Round "?"]
[White "Van der Wiel, John TH"]
[Black "Huebner, Robert"]
[Result "1/2-1/2"]
[WhiteElo "2535"]
[BlackElo "2610"]

1.e4 c5 2.Nf3 d6 3.d4 cxd4 4.Nxd4 Nf6 5.Nc3 a6 6.f4 e5 7.Nf3 Qc7 8.Bd3 Nbd7
9.O-O g6 10.Qe1 Bg7 11.Qh4 O-O 12.fxe5 dxe5 13.Bh6 b5 14.Ng5 Bb7 15.Rf3 Nh5
16.Bxg7 Qb6+ 17.Kh1 Kxg7 18.Raf1 Ndf6 19.g4 Nf4 20.Nh3 b4 21.Nxf4 exf4 22.Rxf4 bxc3
23.Rxf6 Qd4 24.bxc3 Bxe4+ 25.Bxe4 Qxe4+ 26.Kg1 Rad8 27.Rxf7+ Rxf7 28.Rxf7+ Kxf7
29.Qxd8 Qxg4+ 30.Kf2 Qf4+ 31.Kg2  1/2-1/2

[Event "Tilburg"]
[Site "Tilburg"]
[Date "1984.??.??"]
[Round "?"]
[White "Van der Wiel, John TH"]
[Black "Tukmakov, Vladimir B"]
[Result "0-1"]
[WhiteElo "2535"]
[BlackElo "2550"]

1.e4 c5 2.Nc3 d6 3.g3 Nc6 4.Bg2 g6 5.d3 Bg7 6.Be3 Rb8 7.Qd2 e6 8.Nge2 Nd4
9.h4 h5 10.O-O Ne7 11.Bg5 Qd7 12.Nd1 Nxe2+ 13.Qxe2 b6 14.Re1 O-O 15.Qd2 Kh7
16.c3 Nc6 17.Be3 Ne5 18.f4 Ng4 19.Nf2 Nxe3 20.Rxe3 Bb7 21.Rae1 d5 22.e5 d4
23.R3e2 dxc3 24.bxc3 Rfd8 25.Re3 Bxg2 26.Kxg2 b5 27.g4 Qd5+ 28.Kg3 hxg4 29.h5 gxh5
30.Rh1 f5 31.exf6 Bxf6 32.Qe2 Kg7 33.Rxe6 Rh8 34.Qe4 Rbd8 35.c4 bxc4 36.Qxd5 Rxd5
37.dxc4 Rd7 38.Nxg4 Rd3+ 39.Re3 hxg4 40.Rxd3 Rxh1 41.Kxg4 Kg6 42.Rd5 Rg1+
43.Kf3 Bd4 44.Rd7 a5 45.Ra7 Kf5 46.Rf7+ Ke6 47.Ra7 Rc1 48.Ke4 Re1+ 49.Kf3 Re3+
50.Kg4 Ra3 51.Ra6+ Kd7 52.Ra7+ Kc8 53.Kf5 Rxa2 54.Ke6 Kb8 55.Rf7 Rb2 56.Kd5 Rb6
57.Rf8+ Ka7 58.Rf7+ Rb7 59.Rf8 a4 60.f5 a3 61.f6 a2 62.f7 Bg7  0-1